banner koha

Efeito da epoca de semeadura sobre o estabelecimento do capim maranga (Setaria anceps stapf cv. kazungula)em tres consorciacoes com as leguminosas centrosema (Centrosema pubescens Benth.), siratro (Macroptilium atropurpureum (D.C.)URB.)E ESTILOSANTES (Stylosanthes capitata vog.) (Registro n. 270436)

MARC details
000 -LÍDER
campo de controle de tamanho fixo 01517nac a22003377a 4500
001 - NÚMERO DE CONTROLE
campo de controle BR8001709
003 - IDENTIFICADOR DO NÚMERO DE CONTROLE
campo de controle BR-BrBNA
005 - DATA E HORÁRIO DA ÚLTIMA TRANSAÇÃO
campo de controle 20240105114629.0
008 - CAMPO DE DADOS FIXOS--INFORMAÇÃO GERAL
campo de controle de tamanho fixo 230509b bl.|||m| |||| 00| 0 por d
040 ## - FONTE DA CATALOGAÇÃO
Instituição da catalogação original BR-BrBNA
Idioma da catalogação por
Instituição que transcreveu o registro Biblioteca Nacional de Agricultura
072 ## - CÓDIGO DE CATEGORIA DE ASSUNTO
Código de Categoria de Assunto F00
090 ## - NÚMERO DE CHAMADA LOCAL
Número de chamada 1930 BR8001709
100 1# - ENTRADA PRINCIPAL--NOME PESSOAL
Nome pessoal Pimentel, D.M.
100 1# - ENTRADA PRINCIPAL--NOME PESSOAL
Nome pessoal Zimmer, A.H.
100 1# - ENTRADA PRINCIPAL--NOME PESSOAL
Nome pessoal Valle, C.B. do
110 1# - ENTRADA PRINCIPAL--NOME CORPORATIVO
Nome corporativo ou nome da jurisdição Centro Nacional de Pesquisa de Gado de Corte, Campo Grande, MS (Brasil)
9 (RLIN) 1771
245 1# - TÍTULO
Título Efeito da epoca de semeadura sobre o estabelecimento do capim maranga (Setaria anceps stapf cv. kazungula)em tres consorciacoes com as leguminosas centrosema (Centrosema pubescens Benth.), siratro (Macroptilium atropurpureum (D.C.)URB.)E ESTILOSANTES (Stylosanthes capitata vog.)
246 1# - FORMA VARIANTE DO TÍTULO
Título/título abreviado [Effect of sowing time on the establishment of "maranga" grass (Setaria anceps Stapf cv. kazungula)in three associations with centrosema leguminosae (Centrosema pubescens Benth), siratro (Macroptilium atropurpureum (D.C.)Urb)and Stylosanthes capitata vog.)]
260 3# - PUBLICAÇÃO, DISTRIBUIÇÃO, ETC.
Local de publicação, distribuição, etc. Campo Grande, MS (Brasil):
Data da publicação, distribuição, etc. 1979.
300 ## - DESCRIÇÃO FÍSICA
Extensão 2 p.
490 ## - TÍTULO DA SÉRIE
Título da série Pesquisa em Andamento - Centro Nacional de Pesquisa de Gado de Corte (Brazil)
Número do volume ou designação sequencial da série no. 13
ISSN - International Standard Serial Number
650 ## - ASSUNTO--TERMO TÓPICO
Cabeçalho tópico ou nome geográfico Producao vegetal
650 ## - ASSUNTO--TERMO TÓPICO
Cabeçalho tópico ou nome geográfico Capim maranga
650 ## - ASSUNTO--TERMO TÓPICO
Cabeçalho tópico ou nome geográfico Centrosema
650 ## - ASSUNTO--TERMO TÓPICO
Cabeçalho tópico ou nome geográfico Siratro
650 ## - ASSUNTO--TERMO TÓPICO
Cabeçalho tópico ou nome geográfico Stilosante
650 ## - ASSUNTO--TERMO TÓPICO
Cabeçalho tópico ou nome geográfico Semeadura
650 ## - ASSUNTO--TERMO TÓPICO
Cabeçalho tópico ou nome geográfico Consorciacao de cultura
909 ## -
-- 202312
-- Lúcia Elande
-- 55
-- Lúcia Elande
942 ## - ELEMENTOS DE ENTRADA ADICIONADOS (KOHA)
Fonte da classificação ou esquema de arquivamento na estante Classificação AGRIS
Ocultar no OPAC Não
Tipo de material Koha Monografia Seriada
Exemplares
Situação do descarte Fonte da classificação ou esquema de arquivamento na estante Situação física Não pode ser emprestado Coleção Biblioteca de origem Biblioteca atual Localização na estante Total de empréstimos Número de telefone completo Código de barras Data de último acesso Tipo de material Koha Fonte de aquisição
  Classificação AGRIS       Biblioteca Nacional de Agricultura - Binagri Biblioteca Nacional de Agricultura - Binagri Agrobase - Acervo Geral   1930 BR8001709 1930 BR8001709 18/12/2023 Monografia Seriada Portaria Interministerial nº 164/94

BINAGRI

Telefone: (61)3218-2567/2388/3357/2097 - binagri@agro.gov.br

Ministério da Agricultura e Pecuária , Esplanada dos Ministérios, Bloco D, Anexo B, Brasília/DF, CEP: 70.043-900